000 00806nam a2200325Ia 4500
001 9586
005 20240113234217.0
007 ta
008 050727s1957 a g b000 u asm u
020 _cHB
040 _aCotton College,Assam
041 _aasm
082 _a396.954
_bB 288 P
100 _aBaruah, A.C. .
245 0 _aPrajapatir Nibandh /
_cA.C. Baruah.
_hTextual Documents
250 _a1st ed. /
260 _aGuwahati :
_bKrishnanath Das ,
_c1957.
300 _a183p. :
_bill. ;
_c18cm .
653 _aAssamese Literature
653 _aAssamese Folk Culture
653 _aFolklore-Assam
653 _aMS-Assamese
653 _aG-Education
942 _2ddc
_cBK
999 _c9573
_d9573